000 01516nam0a2200313 4500
001 RU\NLR\BIBL_A\022829869
005 20260614173425.0
010 _94000
035 _a(NLR Aleph) 022829869
090 _a13729512
_c13729512
100 _a20260608d1949 d y0rusy50 ca
101 0 _atyv
_crus
102 _aRU
105 _aabc z 000 y
181 0 _ai
_baxxe
182 0 _an
200 1 _aБурунгу делегейниң төөгүзү
_eортумак школаның 6-7 класстарынга өөредилге ному
_eчедиги үндүргени
_fССРЭ-ниң эртемнер академиязының төөгү институду
_gПроф. А. В. Мишулинниң редакторлааны-биле
_gОчулгазының редактору Н. Тава-Самбу
203 _aТекст
_bвизуальный
_cнепосредственный
205 _a7-е изд.
210 _aКызыл
_cТыва областың ном үндүрер чери
_d1949
215 _a305, [2] с
_cил., портр., карты
_d22
541 1 _aИстория древнего мира
_eУчебник для 6-7 кл. сред. шк.
_zrus
686 1 _aТ3(0)4
700 1 _aМишулин
_bА. В.
_f1901-1948
_gАлександр Васильевич
_3RU\NLR\AUTH\770257956
_4070
702 1 _aТава-Самбу
_bН. К.
_gНиколай Кочаевич
_4730
852 _aNLR
_bОНЛ
_jТув./3-36
942 _cBOOK
980 _aNB